Random "Hard" Geography - Statistics

General Stats
  • This quiz has been taken 54 times
  • The average score is 11 of 15
Answer Stats
Question Answer % Correct
The youngest country in the world gained independence in 2011. Name this country. South Sudan
100%
Which strait is the only connection between the Mediterranean Sea and the Atlantic Ocean? Strait of Gibraltar
98%
What is the capital of Wales? Cardiff
90%
The city of Timbuktu can be found in which African country? Mali
90%
The most populated island country is located in two oceans. What is this country? Indonesia
85%
Which Chinese city is home to the major tourist attraction of "The Forbidden City?" Beijing
83%
What is the capital of New South Wales? Sydney
81%
Which mountain range separates Asia from Europe in Russia? Ural Mountains
77%
Name the largest and most populous city in Ivory Coast. Abidjan
75%
What is the second-most populous city in Sweden? Gothenburg
71%
In which city in Asia is the Khyber Pass located? Peshawar
67%
Which country in Europe is famous for being the happiest country in the world? Finland
65%
In which city in Africa can people go to see an open topped museum? Alexandria
50%
Which Middle Eastern country has a population most similar to that of Paraguay? Lebanon
48%
Chile, Argentina, Bolivia, Peru, Ecuador, Colombia and one other country all have territory in the Andes. Name the last country. Venezuela
38%
No matching quizzes found
Score Distribution
Percent of People with Each Score
Percentile by Number Answered
Your Score History
You have not taken this quiz